First 100 words of The Mysterious Affair at Styles - Statistics

General Stats
  • This quiz has been taken 106 times
  • The average score is 41 of 100
Answer Stats
Word % Correct
a
100%
I
100%
The
93%
the
93%
"The
93%
an
92%
and
83%
and,
83%
in
83%
of
76%
my
75%
to
75%
by
73%
it,
73%
Styles
73%
was
69%
we
69%
as
66%
at
59%
affair.
54%
friend
54%
have
53%
what
53%
Poirot
51%
time
49%
This,
46%
been
42%
from
42%
Case"
41%
has
41%
known
37%
now
29%
which
29%
with
27%
down
25%
will
25%
family
22%
story.
22%
asked,
20%
account
19%
home
17%
Home,
17%
write
17%
whole
14%
after
10%
being
7%
Front;
7%
invalided
7%
still
7%
both
5%
interest
5%
months
5%
public
5%
set
5%
aroused
3%
circumstances
3%
depressing
3%
notoriety
3%
rumours
3%
world-wide
3%
attended
2%
briefly
2%
connected
2%
Convalescent
2%
effectually
2%
intense
2%
led
2%
Nevertheless,
2%
persist.
2%
rather
2%
sensational
2%
silence
2%
somewhat
2%
spending
2%
subsided.
2%
themselves,
2%
therefore
2%
trust,
2%
view
2%
No matching quizzes found
Score Distribution
Percent of People with Each Score
Percentile by Number Answered
Your Score History
You have not taken this quiz